Ethnic minorities in the Red Army : asset or liability? /

Bibliographic Details
Other Authors: Alexiev, Alex, Wimbush, S. Enders
Format: Book
Language:English
Published: Boulder : Westview Press, 1988.
Series:Rand Corporation research study.
Subjects:

MARC

Tag First Indicator Second Indicator Subfields
LEADER 00000cam a2200000 a 4500
001 in00000034212
005 20151007055235.0
008 870723s1988 coub b 00100 eng
010 |a  87021590  
020 |a 0813374332 (pbk. : alk. paper) :  |c $19.85 
035 |a (OCoLC)16405046 
035 |9 AAB7671AM 
040 |a DLC  |c DLC  |d TXA  |d UtOrBLW 
043 |a e-ur--- 
049 |a TXAM  |c [A11089030] 
050 0 0 |a UB419.S65  |b E84 1988 
082 0 |a 355/.00947  |2 19 
245 0 0 |a Ethnic minorities in the Red Army :  |b asset or liability? /  |c Alexander R. Alexiev, S. Enders Wimbush, editors. 
264 1 |a Boulder :  |b Westview Press,  |c 1988. 
300 |a xii, 276 pages :  |b map ;  |c 23 cm. 
336 |a text  |b txt  |2 rdacontent 
337 |a unmediated  |b n  |2 rdamedia 
338 |a volume  |b nc  |2 rdacarrier 
490 1 |a A Rand Corporation research study 
504 |a Bibliography: pages 257-269. 
500 |a Includes index. 
651 0 |a Soviet Union  |x Armed Forces  |x Minorities. 
700 1 |a Alexiev, Alex. 
700 1 |a Wimbush, S. Enders. 
830 0 |a Rand Corporation research study. 
999 |a MARS 
999 f f |s ebb9786c-67bb-3a9d-9cba-46657251046f  |i f4b7aa7e-b5ed-3123-acc7-635e9d6d9bac  |t 0 
952 f f |p ric  |a Texas A&M University  |b Rellis Campus  |c Joint Library Facility  |d Remote Storage  |t 0  |e UB419.S65 E84 1988  |h Library of Congress classification  |i unmediated -- volume  |m A14811089030 
998 f f |a UB419.S65 E84 1988  |t 0  |l Remote Storage